|
|
|
|
| LEADER |
00921naa a2200217 i 4500 |
| 001 |
publ28844 |
| 005 |
20240102120702.0 |
| 008 |
240102s2020 hu o 0|| Angol d |
| 020 |
|
|
|a 9781788212823
|
| 024 |
7 |
|
|a 31471937
|2 mtmt
|
| 040 |
|
|
|a SZTE Publicatio Repozitórium
|b hun
|
| 041 |
|
|
|a Angol
|
| 100 |
1 |
|
|a Nagy Csongor István
|
| 245 |
1 |
4 |
|a The EU’s rule-of-law crisis and the problem of diagonality
|h [elektronikus dokumentum] /
|c Nagy Csongor István
|
| 260 |
|
|
|a Agenda Publishing House Ltd
|b Newcastle upon Tyne
|c 2020
|
| 300 |
|
|
|a 160-163
|
| 490 |
0 |
|
|a European Studies. Past, Present and Future
|
| 650 |
|
4 |
|a Jogtudomány
|
| 856 |
4 |
0 |
|u http://publicatio.bibl.u-szeged.hu/28844/1/CESPaperedited.pdf
|z Dokumentum-elérés
|
| 856 |
4 |
0 |
|u http://publicatio.bibl.u-szeged.hu/28844/3/image.pdf
|z Dokumentum-elérés
|
| 856 |
4 |
0 |
|u http://publicatio.bibl.u-szeged.hu/28844/4/31471937_c%C3%ADmlap_tartalom.pdf
|z Dokumentum-elérés
|